|
|
แสดงรายละเอียดบรรณานุกรม |
|
|
Brief Record
: Get Marc (ISO 2709)
: E-mail record
: |
|
|
| LEADER 01174nam 2200277 a 4500 | |||
| 008 030417s2008 caua sb 001 0 eng | |||
| 020 ^a978-1-4160-2934-2 | |||
| 060 ^aWY 152 M899C 2008 | |||
| 100 ^aMoser, Debra K. | |||
| 245 ^aCardiac nursing : a companion to braunwald's heart disease. | |||
| 650 ^aHeart disease - - nursing. | |||
| 999 ^aKey new Using ULIBM easy add form | |||
| คุณยังไม่ได้ล็อกอิน คุณสามารถมีกิจกรรมร่วมกับเว็บไซต์ได้ แต่ต้องล็อกอินก่อน :: |
|
| สถานะ | |||||||||
| 1. | หนังสือทั่วไป | 2008 | On Shelf ขอยืม | ||||||
| 2. | หนังสือทั่วไป | WY 152 M899C 2008 ฉ.2 | On Shelf ขอยืม | ||||||
| [แสดง 2/2 รายการ] | |||||||||
BibComment |
| คอมเมนท์ทรัพยากรรายการนี้ |
|
|